Popularne numery rap/trap tygodnia 09-15.04 Spotify. - Statystyki

Ogólne statystyki
  • Ten quiz został rozwiązany 18 razy
  • Średni wynik to 17 z 30
Statystyki odpowiedzi
Wykonawca Odsłuchania Utwór % Poprawnych
Mata 1.97M Patoreakcja
94%
Ekipa 666K 3KIPA
82%
Young Leosia 520K Szklanki
76%
Sobel 1.00M Bandyta
71%
Reto 359K Billy Kid
71%
Quebonafide, Daria Zawiałow 340K BUBBLETEA
71%
Sobel 367K Kinol
71%
Wiatr, Sobel, Be Vis 447K Testarossa
71%
Guzior 566K BLUEBERRY
65%
Alberto 339K Dwutakt
65%
Sobel 438K Fiołkowe Pole
65%
Kizo, Trill Pem 375K Fitness
65%
Mata 356K Schodki
65%
Sobel 425K Alien
59%
Guzior, Oskar83 454K FALA
59%
Mata, Wyguś, Szczepan, Adam 343K GOMBAO 33
59%
Sobel 405K Impreza
59%
Żabson 372K OBOK
59%
Ekipa, Qry 898K ZAEBYŚCIE
59%
Janusz Walczuk 401K Janusz Walczuk
53%
OIO 754K Przypadkiem
53%
Chivas, White 2115 390K Mam Na Twarzy Krew I Tym Razem Nie Jest Sztuczna
47%
OIO 318K Moonwalk
47%
Reto 495K Paw
47%
Janusz Walczuk 315K Offside
41%
Hodak, 2K, Deemz 322K Oh No!
41%
Żabson 299K Trapczan
41%
PRO8L3M, Kaz Bałagane, Szpaku 354K GeForce
35%
PRO8L3M, Dawid Podsiadło, Duit 325K Freon
24%
Magiera, Kukon, Malik Montana 307K Polityka
24%
Nie znaleziono quizów pasujących do podanych kryteriów
Rozkład punktacji
Procent ludzi z każdym wynikiem
Percentyl według liczby udzielonych odpowiedzi
Twoja historia wyników
Nie rozwiązałeś tego quizu